000 00187 a2200097 4500
001 2549
100 _aRead, P P
245 _aAlive
260 _a
_bLippincott Co.
_c
090 _c1846
_d1846
942 _aNUST-CAE
_cM
_c9402
999 _c237622
_d237622